000 01938cam a22004934i 4500
003 PE-LiUPU
005 20250731173122.0
008 150623s1999 ne a rb 000 0 eng d
020 _a9023235096
035 _a(Sirsi) i9789023235095
040 _aPE-LiUPU
_bspa
_cPE-LiUPU
_erda
049 _aPRUA
082 0 4 _a224.1077
_bA12
_221
100 1 _aAbma, Richtsje,
_eautor.
245 1 0 _aBonds of love :
_bmethodic studies of prophetic texts with marriage imagery (Isaiah 50:1-3 and 54: 1-10, Hosea 1-3, Jeremiah 2-3).
_n40 /
_cRichtsje Abma.
264 1 _aAssen, The Netherlands :
_bVan Gorcum,
_c1999.
300 _a282 páginas :
_bilustraciones ;
_c23 centímetros.
336 _atext
_2rdacontent
337 _aunmediated
_2rdamedia
338 _avolume
_2rdacarrier
490 0 _aStudia Semítica Neerlandica ;
_v40
504 _aIncluye bibliografía.
505 0 _aBackground issues in relation to marriage imagery -- On method -- Marriage imagery in deutero-Isaiah -- Marriage imagery in Hosea -- Marriage imagery in Jeremiah -- Theological implications of the biblical marriage imagery.
526 _aSEG42
526 _aSEG41
526 _aSEG40
526 _aSEG39
526 _aP94
526 _aP87
526 _aP86
526 _aP85
526 _aP77
526 _aP76
526 _aP35
630 _aBiblia.
_pA.T.
_pIsaías
_xComentarios.
630 _aBiblia.
_pA.T.
_pJeremías
_xComentarios.
630 _aBiblia.
_pA.T.
_pOseas
_xComentarios.
942 _2ddc
_cBOOK
949 _a224.1077 A12 40
_wDEWEY
_c1
_i49661
_lCCODEBUL1
_mBUL
_r0
_sY
_tBOOK
_u2015-6-24
_xTEOLOGIA
_PP35
_0COMPRA
_o.STAFF. Colección General
994 _aC0
_bPEPRU
596 _a1
999 _a224.1077 A12 40
_wDEWEY
_c32497
_i49661
_d32497
_f2021-11-9
_g5
_lCCODEBUL1
_mBUL
_p20.00
_q2
_r0
_sY
_tBOOK
_u2015-6-24
_xTEOLOGIA
_PP35
_0COMPRA
_o.STAFF. Colección Teología
980 _81
_gALBERTO SANCHEZ Responsable de Automatización